التصنيف العملي للمكتبات / (رقم التسجيلة. 80060)

تفاصيل مارك
000 -الفاتح
عناصر البيانات ثابتة الطول 00592cam a2200169 i 4500
005 - تاريخ ووقت آخر معاملة
حقل ضبط 20251108172451.0
008 - عناصر البيانات ثابتة الطول
عناصر البيانات ثابتة الطول 250721s9999 ua gr 000 0 ara d
082 14 - رقم تصنيف ديوي العشري
رقم التصنيف 025.42
رقم المادة ب ن ه
100 1# - مدخل رئيسي – اسم شخصي
الاسم الشخصي البنهاوي، محمد أمين
علاقة الشخص بالعمل/ دوره مؤلف.
245 12 - بيان العنوان
العنوان التصنيف العملي للمكتبات /
بيان المسؤولية د. محمد أمين البنهاوى.
264 1# - بيانات النشر، التوزيع…إلخ
مكان النشر، التوزيع...إلخ القاهرة :
اسم الناشر، الموزع...إلخ العربي للنشر والتوزيع،
300 ## - الوصف المادي
عدد الوحدات المكونة للوعاء 158صفحة.
650 17 - مدخل إضافي بالموضوع - مصطلح موضوعي
مصطلح موضوعي أو اسم جغرافي كعنصر مدخل التصنيف (مكتبات).
650 17 - مدخل إضافي بالموضوع - مصطلح موضوعي
مصطلح موضوعي أو اسم جغرافي كعنصر مدخل علم المكتبات.
942 ## - بيانات إضافية (كوها)
نوع التنصيف Dewey Decimal Classification
نوع المادة (كوها) كتب
المقتنيات
حالة السحب حالة الفقدان مصدر التصنيف حالة التلف غير قابل للإعارة المكتبة الرئيسية المكتبة الحالية موقع الرف تاريخ التزويد الرقم المتسلسل Total Checkouts رقم الإستدعاء الباركود تاريخ آخر ظهور تاريخ الفاتورة نوع المادة (كوها)
    Dewey Decimal Classification     المكتبة المركزية المكتبة المركزية الإعارة 28/07/2025 1454039   025.42 / ب ن ه PLD00173161 28/07/2025 28/07/2025 كتب
Implemented & Customized by: BBB with SCIT (Smart Chains for Information Technology)

Powered by Koha